| 000 | 00477nam a22001817a 4500 | ||
|---|---|---|---|
| 008 | 230705b |||||||| |||| 00| 0 eng d | ||
| 020 | _a8170551692 | ||
| 040 |
_aNational Science Library _cNational Science Library |
||
| 080 |
_a82-32PRA _bP9 |
||
| 100 | _aPrakash, Uday | ||
| 245 | _aतिरिछ | ||
| 246 | _aTirichh | ||
| 260 |
_aNew Delhi: _bVani Prakashan, _c2008 |
||
| 300 | _a150p. | ||
| 365 |
_b150.00 _cINR |
||
| 650 | _aHindi literature | ||
| 942 |
_2udc _cHBK |
||
| 999 |
_c49530 _d49530 |
||